Countries Napoleon Ruled - Statistics

General Stats
  • This quiz has been taken 272 times
    225 since last reset
  • The average score is 7 of 9
Answer Stats
Number Countries Ruled By Napoleon % Correct
1 French Empire
96%
2 Kingdom Of Italy
92%
4 Most Of Germany
85%
9 Belgium
79%
8 Netherlands
78%
10 Poland
77%
5 Switzerland
72%
6 Luxembourg
61%
7 Croatia
34%
No matching quizzes found
Score Distribution
Percent of People with Each Score
Percentile by Number Answered
Your Score History
You have not taken this quiz since the last reset